| 000 | 00973aam a2200313 a 4500 | ||
|---|---|---|---|
| 999 |
_c490462 _d490462 |
||
| 003 | BLK | ||
| 005 | 20250412111221.0 | ||
| 008 | 181012b bu ||||| |||| 00| 0 bu d | ||
| 020 | _a9787508545400 | ||
| 040 | _aBLK | ||
| 041 |
_aENG _aCHI _cENG |
||
| 080 |
_aВярвания и обичаи, свързани с определено годишно време и празници _b398.33 _x(510) _z398.33(510) |
||
| 100 |
_9487385 _aSu Jin |
||
| 139 |
_aSu Jin _bS 91 |
||
| 245 |
_aSpring festival: sweet time for family reunion _cSu Jin |
||
| 257 | _aKIT | ||
| 260 |
_aBeijing _bChina Intercontinental Press _c2021 _9487381 |
||
| 300 |
_a258 p. _c23 см |
||
| 380 | _a3 | ||
| 490 |
_9487383 _aCultural symbols of China _vvol. 1 |
||
| 650 | 7 |
_9175227 _aФестивали |
|
| 651 | 7 |
_9179033 _aКитай |
|
| 856 |
_i0.00 _ldisable |
||
| 942 |
_cKNG _2udc _n0 _s1 _01 |
||
| 944 |
_aCR _c2023-04-18 _k30576 _lЦветомила Тодорова |
||
| 999 | _d490461 | ||
| 999 | _d490460 | ||
| 999 | _d490460 | ||